000 00624nam a2200205 i 4500
001 71041
003 ES-MaACL
007 t|
008 040805s1953 sp ||||1| spa d
100 1 _aGaskin, Catherine.
_955874
245 1 0 _aTodo lo demás es insensatez
_b: novela /
_cCatherine Gaskin ; [traducción del inglés por José Mª Claramunda Bes].
250 _a[1ª ed.].
260 _aBarcelona :
_bPlaneta,
_c[1953]
300 _a333 p. ;
_c20 cm.
490 1 _aGoliat
700 1 _aClaramunda Bes, José María.
_938998
830 0 _aGoliat
_9181396
852 _aES-MaACL
_jC-6039
_bR.33415
999 _c71041
_d71041